000 00986cam a2200241 i 4500
003 SA-RiAUC
005 20250407071410.0
008 250406s1993 su g 0000d ara c
040 _aSA-RiAUC
_bara
_cSA-RiAUC
_erda
082 0 4 _a812.0516
_qSA-RiAUC
090 _a812.0516
_bح ك ي
100 1 _aالحكيم، تميم،
_d1948-
_eمؤلف.
245 1 0 _aتمثيليات إسلامية وعربية من المسرح الجامعي والمدرسي /
_cكتبها تميم الحكيم.
264 1 _aمكة المكرمة :
_bنادي مكة الثقافي الأدبي،
_c1993
300 _a195 صفحة ؛
_c24 سم.
336 _aنص
_btxt
_2rdacontent
_3كتاب
337 _aبدون وسيط
_bn
_2rdamedia
338 _aمجلد
_bnc
_2rdacarrier
490 0 _aمطبوعات نادي مكة الثقافي الأدبي ؛
_v82
650 7 _aالمسرحيات العربية
_zالسعودية
_2aucsh
942 _2ddc
_cBOOK
_n0
949 _aSA-JeALM
_d250406
_uosman123
_n1
999 _c6723
_d6723